000 00485nam a2200181 a 4500
001 1138
005 20140414131903.0
008 041021s19uu xx 00 eng d
020 _a0-590-44248-1
050 _aFIC
_bR54 1980
100 _aRoberts, Willo Davis
245 _aThe girl with the silver eyes /
_cWillo Davis Roberts.
260 _aNew York :
_bScholastic,
_c1980.
300 _a198 p. : ill. ; cm.
440 _aApple Papebacks
650 _aFiction.
999 _c110788
_d110788